MARC details
| 000 -CABECERA |
| campo de control de longitud fija |
00903nam a2200253 u 4500 |
| 005 - FECHA Y HORA DE LA ÚLTIMA TRANSACCIÓN |
| campo de control |
20240803063719.0 |
| 008 - ELEMENTOS DE LONGITUD FIJA--INFORMACIÓN GENERAL |
| campo de control de longitud fija |
121015s2010 r 000 0 eng d |
| 020 ## - NÚMERO INTERNACIONAL NORMALIZADO PARA LIBROS |
| Número Internacional Estándar del Libro |
9789709957310 |
| 035 ## - NÚMERO DE CONTROL DEL SISTEMA |
| Número de control de sistema |
UPN01000187516 |
| 049 ## - COLECCIÓN |
| Colección |
I |
| 050 #4 - SIGNATURA TOPOGRÁFICA DE LA BIBLIOTECA DEL CONGRESO |
| Número de clasificación |
PN3157 |
| Número de documento/Ítem |
A4.3 |
| 100 1# - ASIENTO PRINCIPAL--NOMBRE PERSONAL |
| Nombre de persona |
Alcántara Armas, Carmelo |
| 9 (RLIN) |
32713 |
| 245 13 - MENCIÓN DE TÍTULO |
| Título |
La cigarra y la hormiga y otras fábulas : |
| Resto del título |
adaptación teatral para niños y niñas / |
| Mención de responsabilidad, etc. |
Carmelo Alcántara Armas, Fernando Navas Bolívar, Juan Ramón Pérez Santana. |
| 260 ## - PUBLICACIÓN, DISTRIBUCIÓN, ETC. |
| Lugar de publicación, distribución, etc. |
México : |
| Nombre del editor, distribuidor, etc. |
Fineo infantil, |
| Fecha de publicación, distribución, etc. |
2010. |
| 300 ## - DESCRIPCIÓN FÍSICA |
| Extensión |
49 p. : |
| Otras características físicas |
il. |
| 440 #0 - MENCIÓN DE SERIE/ASIENTO SECUNDARIO--TÍTULO |
| Título |
Teatro alegre ; |
| Designación de volumen o secuencia |
1. |
| Nombre de parte o sección de la obra |
A partir de 6 años |
| 500 ## - NOTA GENERAL |
| Nota general |
En la cubierta dice: ¡Hagamos Teatro! |
| 650 #7 - ASIENTO SECUNDARIO DE MATERIA - TERMINO TEMATICO |
| Término de materia o nombre geográfico como elemento de entrada |
Teatro escolar infantil |
| Fuente del encabezamiento o término |
|
| 9 (RLIN) |
6353 |
| 650 #4 - ASIENTO SECUNDARIO DE MATERIA - TERMINO TEMATICO |
| Término de materia o nombre geográfico como elemento de entrada |
Fábulas |
| 9 (RLIN) |
8251 |
| 700 1# - ASIENTO SECUNDARIO--NOMBRE DE PERSONAL |
| Nombre de persona |
Navas Bolívar, Fernando, |
| Término indicativo de función/relación |
coaut. |
| 700 1# - ASIENTO SECUNDARIO--NOMBRE DE PERSONAL |
| Nombre de persona |
Pérez Santana, Juan Ramón, |
| Término indicativo de función/relación |
coaut. |
| 905 ## - TIPO DE MATERIAL |
| Tipo de material |
Infantil |